Informe que rinde el C. Jefe del Departamento del Distrito Federal, Lic. Aarón Sáenz a la Ciudad de México (Record no. 5928)

MARC details
000 -CABECERA
campo de control de longitud fija 00741nam a2200217 a 4500
001 - NÚMERO DE CONTROL
campo de control BRCA_6241
005 - FECHA Y HORA DE LA ÚLTIMA TRANSACCIÓN
campo de control 20190320205401.0
008 - DATOS DE LONGITUD FIJA--INFORMACIÓN GENERAL
campo de control de longitud fija 200711s1934----mx-ao#####---#000-0#spa-#
041 ## - CÓDIGO DE LENGUA
Código de lengua del texto/banda sonora o título independiente spa
044 ## - CÓDIGO DEL PAÍS DE LA ENTIDAD EDITORA/PRODUCTORA
Código MARC del país mx
050 #4 - SIGNATURA TOPOGRÁFICA DE LA BIBLIOTECA DEL CONGRESO
Número de clasificación J172
Número de documento/Ítem .S34 1934
245 10 - MENCIÓN DE TÍTULO
Título Informe que rinde el C. Jefe del Departamento del Distrito Federal, Lic. Aarón Sáenz a la Ciudad de México
260 ## - PUBLICACIÓN, DISTRIBUCIÓN, ETC.
Lugar de publicación, distribución, etc. México
Nombre del editor, distribuidor, etc. Talleres Gráficos de la Penitenciaría
Fecha de publicación, distribución, etc. 1934
300 ## - DESCRIPCIÓN FÍSICA
Extensión 74 p.
Otras características físicas il., fotografías
Dimensiones 22 cm.
500 ## - NOTA GENERAL
Nota general Estado físico: ilustración de la cubierta desprendida, cubiertas rotas
500 ## - NOTA GENERAL
Nota general K101
651 #4 - PUNTO DE ACCESO ADICIONAL DE MATERIA--NOMBRE GEOGRÁFICO
Nombre geográfico México (Ciudad)
Subdivisión general Política y gobierno
9 (RLIN) 15679
651 #4 - PUNTO DE ACCESO ADICIONAL DE MATERIA--NOMBRE GEOGRÁFICO
Nombre geográfico México
Subdivisión general Política y gobierno
9 (RLIN) 7019
902 ## - CATALOGADOR
Iniciales GFM
942 ## - ELEMENTOS DE PUNTO DE ACCESO ADICIONAL (KOHA)
Fuente del sistema de clasificación o colocación Library of Congress Classification
Tipo de ítem Koha Libros
Holdings
Estado de retiro Estado de pérdida Estado dañado No para préstamo Localización permanente Ubicación/localización actual Fecha de adquisición Número de inventario Total de préstamos Signatura topográfica completa Código de barras Fecha visto por última vez Precio válido a partir de Tipo de ítem Koha
El ejemplar forma parte de la colección y puede ser consultado según las políticas vigentes.       Biblioteca del Museo Franz Mayer (Rogerio Casas-Alatriste) Biblioteca del Museo Franz Mayer (Rogerio Casas-Alatriste) 20/07/2011 K101   J172 .S34 1934 (K101) 6680 22/03/2019 22/03/2019 Libros